[Event "2015 Canadian Closed"]
[Site "Guelph, Ontario"]
[Date "2015.07.15"]
[Round "8.8"]
[White "Cao, Jason"]
[Black "Barron, Michael"]
[Result "1-0"]
[WhiteElo "2439"]
[BlackElo "2306"]
[PlyCount "77"]
[EventDate "2015.??.??"]
[SourceDate "2015.07.10"]
[TimeControl "40/5400+30:1800+30"]

1. e4 e5 2. Nf3 Nc6 3. Bb5 a6 4. Ba4 Nf6 5. O-O Be7 6. Re1 b5 7. Bb3 O-O 8. c3
d6 9. d4 Bg4 10. d5 Na5 11. Bc2 c6 12. h3 Bc8 13. dxc6 Qc7 14. Nbd2 Qxc6 15.
Nf1 Nc4 16. Ng3 Re8 17. a4 Be6 18. b3 Nb6 19. a5 Nbd7 20. Bd2 h6 21. Nh4 d5 22.
Nhf5 Bf8 23. exd5 Bxd5 24. f3 Rad8 25. b4 e4 26. Nd4 Qb7 27. fxe4 Nxe4 28. Nxe4
Bxe4 29. Rxe4 Rxe4 30. Qf3 Rde8 31. Rf1 Nf6 32. Bxh6 gxh6 33. Qxf6 Re2 34. Nxe2
Rxe2 35. Rf3 Qc7 36. Bb3 Re7 37. Rf4 Bg7 38. Rg4 Qe5 39. Rxg7+ 1-0

[Event "2015 Canadian Closed"]
[Site "Guelph, Ontario"]
[Date "2015.07.15"]
[Round "8.9"]
[White "Cai, Jason"]
[Black "Humphreys, Michael"]
[Result "0-1"]
[WhiteElo "2254"]
[BlackElo "2348"]
[PlyCount "126"]
[EventDate "2015.??.??"]
[SourceDate "2015.07.10"]

1. e4 e6 2. d4 d5 3. Nd2 c5 4. Ngf3 cxd4 5. exd5 Qxd5 6. Bc4 Qd6 7. O-O Nf6 8.
Nb3 Nc6 9. Nbxd4 Nxd4 10. Nxd4 a6 11. Re1 Qc7 12. Qe2 h6 13. h3 Bc5 14. c3 O-O
15. Be3 Re8 16. Bb3 b6 17. Nf3 Bb7 18. Rad1 Rad8 19. Bxc5 Qxc5 20. Rxd8 Rxd8
21. Rd1 Rd6 22. Rxd6 Qxd6 23. Qe5 Qxe5 24. Nxe5 Kf8 25. a4 Ke7 26. a5 bxa5 27.
Nc4 Ne4 28. Nxa5 Nc5 29. Bc2 Be4 30. Bxe4 Nxe4 31. Nc4 f6 32. Kf1 Kd7 33. Ke2
Kc6 34. Ke3 Kc5 35. Na3 Nd6 36. b4+ Kc6 37. c4 Nb7 38. Kd4 e5+ 39. Ke4 g6 40.
Nb1 a5 41. bxa5 Nxa5 42. Kd3 Kc5 43. Nd2 f5 44. g4 Kb4 45. gxf5 gxf5 46. f3 Nb7
47. Nf1 Nc5+ 48. Ke2 f4 49. h4 h5 50. Nd2 Kc3 51. Nb1+ Kxc4 52. Na3+ Kd5 53.
Nb5 Nb3 54. Nc3+ Ke6 55. Kf2 Nd4 56. Kg2 Nf5 57. Kh3 Nd6 58. Kg2 Kf5 59. Ne2
Nb5 60. Kf2 e4 61. fxe4+ Kxe4 62. Ng1 Nd4 63. Nh3 Kf5 0-1

[Event "2015 Canadian Closed"]
[Site "Guelph, Ontario"]
[Date "2015.07.15"]
[Round "8.10"]
[White "Shi, Diwen"]
[Black "Wan, Kevin"]
[Result "0-1"]
[WhiteElo "2214"]
[BlackElo "2302"]
[PlyCount "102"]
[EventDate "2015.??.??"]
[SourceDate "2015.07.10"]

1. e4 e6 2. d4 d5 3. Nc3 Bb4 4. e5 c5 5. a3 Bxc3+ 6. bxc3 Ne7 7. h4 Qc7 8. Nf3
b6 9. a4 Ba6 10. Bb5+ Nec6 11. Ba3 Bxb5 12. axb5 Na5 13. dxc5 bxc5 14. Bxc5
Qxc5 15. Rxa5 Nc6 16. Ra4 Qxb5 17. Rg4 O-O 18. Qc1 f5 19. exf6 Rxf6 20. Rh3
Raf8 21. Rhg3 R8f7 22. h5 e5 23. Qe3 e4 24. Nd2 Qb2 25. f3 Qc1+ 26. Kf2 Ne5 27.
Rg5 Re6 28. f4 h6 29. Rxg7+ Rxg7 30. Rxg7+ Kxg7 31. fxe5 Re7 32. Ke2 Qxc2 33.
Qg3+ Kf8 34. Qf4+ Ke8 35. e6 Qd3+ 36. Ke1 Rxe6 37. Qb8+ Kf7 38. Qc7+ Re7 39.
Qf4+ Ke6 40. Qg4+ Ke5 41. Qg8 Qe3+ 42. Kd1 Qg5 43. Qb8+ Ke6 44. Kc2 Kf7 45. Qh8
Qf6 46. Qd8 Qe5 47. Qa8 Kg7 48. Qc6 Qe6 49. Qc5 e3 50. Qd4+ Kg8 51. Qg4+ Qxg4
0-1

[Event "2015 Canadian Closed"]
[Site "Guelph, Ontario"]
[Date "2015.07.15"]
[Round "8.11"]
[White "Chen, Richard"]
[Black "Hamilton, Robert"]
[Result "1-0"]
[WhiteElo "2297"]
[BlackElo "2279"]
[PlyCount "75"]
[EventDate "2015.??.??"]
[SourceDate "2015.07.10"]

1. e4 c5 2. Nf3 e6 3. d4 cxd4 4. Nxd4 a6 5. Bd3 Bc5 6. Nb3 Be7 7. Qg4 g6 8. Qe2
d6 9. Be3 Nd7 10. f4 Qc7 11. N1d2 b6 12. O-O-O Ngf6 13. g4 Nc5 14. Kb1 Bb7 15.
g5 Nfd7 16. Rhf1 d5 17. Bd4 Rf8 18. exd5 Bxd5 19. Bc4 Bb7 20. Nxc5 bxc5 21. Bg7
Rg8 22. Bc3 Qc6 23. Bd3 Nb6 24. Be4 Nd5 25. Be5 c4 26. Bxd5 Qxd5 27. Nxc4 Qb5
28. a4 Qxa4 29. Nb6 Qb5 30. Qxb5+ axb5 31. Nxa8 Bxa8 32. b3 Bd5 33. Bb2 Bc5 34.
Rfe1 Bf2 35. Re2 Bf3 36. Rxf2 Bxd1 37. Rd2 Bf3 38. Bf6 1-0

[Event "2015 Canadian Closed"]
[Site "Guelph, Ontario"]
[Date "2015.07.15"]
[Round "8.12"]
[White "Doknjas, Joshua"]
[Black "Dougherty, Michael"]
[Result "1-0"]
[WhiteElo "2083"]
[BlackElo "2285"]
[PlyCount "99"]
[EventDate "2015.??.??"]
[SourceDate "2015.07.10"]

1. e4 g6 2. d4 Bg7 3. Nc3 c6 4. Be3 d5 5. e5 Nh6 6. Qd2 Nf5 7. Bf4 h5 8. O-O-O
Qa5 9. Kb1 Na6 10. Nf3 Nc7 11. Ng5 Bh6 12. Nb5 Qxd2 13. Nxc7+ Kd7 14. Rxd2 Bxg5
15. Nxd5 cxd5 16. Bxg5 b6 17. Bb5+ Kc7 18. Rc1 a6 19. Be2 b5 20. h3 Be6 21. g4
hxg4 22. hxg4 Nh6 23. f3 Ng8 24. b3 Rb8 25. Ka1 Kd7 26. c4 bxc4 27. bxc4 f5 28.
c5 a5 29. Rb2 Rxb2 30. Kxb2 fxg4 31. fxg4 Kc7 32. Bd2 a4 33. Bb5 Nh6 34. Ba5+
Kb8 35. c6 Nxg4 36. Bxa4 Ne3 37. Bb3 Nc4+ 38. Bxc4 dxc4 39. Kc3 g5 40. Kb4 Rh2
41. Kc5 Rxa2 42. Bb6 c3 43. d5 Bf5 44. Rf1 c2 45. d6 exd6+ 46. exd6 c1=Q+ 47.
Rxc1 Rd2 48. Ba5 Rd3 49. Rf1 Be6 50. Rf8+ 1-0

[Event "2015 Canadian Closed"]
[Site "Guelph, Ontario"]
[Date "2015.07.15"]
[Round "8.13"]
[White "Gentes, Kevin"]
[Black "Song, Guannan Terry"]
[Result "1/2-1/2"]
[WhiteElo "2353"]
[BlackElo "2202"]
[PlyCount "89"]
[EventDate "2015.??.??"]
[SourceDate "2015.07.10"]

1. Nf3 c5 2. g3 b6 3. Bg2 Bb7 4. O-O Nf6 5. c4 e6 6. b3 Be7 7. Bb2 O-O 8. e3 d6
9. Nc3 Ne4 10. Qc2 Nxc3 11. Bxc3 Qc7 12. Qb2 e5 13. d4 exd4 14. exd4 Bf6 15.
Rad1 Nc6 16. d5 Bxc3 17. Qxc3 Ne7 18. Rfe1 Bc8 19. Qe3 Ng6 20. Nd2 Bg4 21. f3
Bf5 22. h3 Bd7 23. f4 a6 24. Qc3 b5 25. h4 Bg4 26. Bf3 Bxf3 27. Nxf3 Ne7 28. h5
h6 29. g4 Qd7 30. Kf2 bxc4 31. bxc4 f6 32. Re6 Nc6 33. Rde1 Nd4 34. Nxd4 cxd4
35. Qxd4 Rac8 36. Kg3 Qa4 37. Re7 Qxc4 38. Qa7 Qd3+ 39. R1e3 Qh7 40. Qxa6 Qb1
41. Qa7 Qg1+ 42. Kh3 Qh1+ 43. Kg3 Qg1+ 44. Kh4 Kh8 45. Rxg7 1/2-1/2

[Event "2015 Canadian Closed"]
[Site "Guelph, Ontario"]
[Date "2015.07.15"]
[Round "8.14"]
[White "Doknjas, John"]
[Black "Manley, Jason"]
[Result "1/2-1/2"]
[WhiteElo "2316"]
[BlackElo "2164"]
[PlyCount "90"]
[EventDate "2015.??.??"]
[SourceDate "2015.07.10"]

1. d4 Nf6 2. c4 e6 3. Nc3 Bb4 4. e3 d5 5. a3 Bxc3+ 6. bxc3 O-O 7. cxd5 exd5 8.
Bd3 c5 9. f3 Re8 10. Ne2 Nc6 11. O-O b6 12. Qe1 a5 13. Qf2 Ba6 14. Bxa6 Rxa6
15. g4 Ra7 16. Ng3 h6 17. Bb2 Nh7 18. Rad1 Ng5 19. Kh1 cxd4 20. cxd4 Qf6 21. a4
Nb4 22. Ba3 Rc7 23. Bxb4 axb4 24. Rd3 Rc3 25. Rxc3 bxc3 26. Kg2 Qc6 27. Rc1 Ra8
28. Ne2 Rxa4 29. Rxc3 Rc4 30. Rxc4 Qxc4 31. Nf4 b5 32. Qd2 Ne6 33. Nd3 f6 34.
h4 Nd8 35. Qa5 Qxd3 36. Qxd8+ Kh7 37. Qxd5 b4 38. e4 Qc2+ 39. Kh3 b3 40. Qf5+
Kh8 41. Qb5 Qc3 42. Kg2 b2 43. h5 Qc2+ 44. Kh3 b1=Q 45. Qe8+ Kh7 1/2-1/2

[Event "2015 Canadian Closed"]
[Site "Guelph, Ontario"]
[Date "2015.07.15"]
[Round "8.15"]
[White "Haessel, Dale"]
[Black "Kiviaho, Robert"]
[Result "0-1"]
[WhiteElo "2274"]
[BlackElo "2161"]
[PlyCount "114"]
[EventDate "2015.??.??"]
[SourceDate "2015.07.10"]

1. d4 Nf6 2. c4 g6 3. Nc3 d5 4. Nf3 Bg7 5. cxd5 Nxd5 6. Na4 O-O 7. e4 Nb6 8.
Be3 Nxa4 9. Qxa4 c5 10. Rd1 Bg4 11. Be2 Nc6 12. dxc5 Qc7 13. b4 Ne5 14. Nd4
Bxe2 15. Nxe2 Ng4 16. Bf4 e5 17. Bg5 a5 18. Nc3 axb4 19. Qxb4 f6 20. Bd2 f5 21.
O-O f4 22. Nd5 Qf7 23. f3 Nf6 24. Qc4 Kh8 25. Bb4 Rfd8 26. Rd2 g5 27. Rfd1 g4
28. Nb6 Rxd2 29. Rxd2 Qxc4 30. Nxc4 g3 31. Bc3 Rc8 32. Nxe5 Kg8 33. hxg3 fxg3
34. Bb2 Nh5 35. Rc2 Rd8 36. Kf1 Nf4 37. Ke1 Bxe5 38. Bxe5 Nd3+ 39. Ke2 Nxe5 40.
f4 Nc6 41. Rb2 Rd7 42. Kf3 Rg7 43. e5 h5 44. Rb1 Kh7 45. Ke4 Kg6 46. f5+ Kg5
47. f6 Rc7 48. Kd5 h4 49. Kd6 Rh7 50. Rf1 Rf7 51. Rf3 Nd4 52. Rf1 Nf5+ 53. Ke6
Nh6 54. Rf3 Kg6 55. Rf4 h3 56. Rf1 h2 57. Kd6 Ng4 0-1

[Event "2015 Canadian Closed"]
[Site "Guelph, Ontario"]
[Date "2015.07.15"]
[Round "8.16"]
[White "Li, Yinshi"]
[Black "Noritsyn, Sergey"]
[Result "1-0"]
[WhiteElo "2211"]
[BlackElo "2090"]
[PlyCount "95"]
[EventDate "2015.??.??"]
[SourceDate "2015.07.10"]
[TimeControl "40/5400+30:1800+30"]

1. d4 d5 2. Nf3 Nf6 3. c4 dxc4 4. e3 e6 5. Bxc4 c5 6. O-O a6 7. b3 b5 8. Be2
cxd4 9. Nxd4 e5 10. Nf3 Qxd1 11. Rxd1 Nc6 12. Bb2 e4 13. Nfd2 Be7 14. Nc3 Bf5
15. g4 Bxg4 16. Bxg4 Nxg4 17. Nd5 Bd8 18. Nxe4 O-O 19. Rac1 Nce5 20. h3 Nf3+
21. Kg2 Nh4+ 22. Kf1 Re8 23. Nd6 Nh2+ 24. Ke2 Re6 25. Nb7 Bb6 26. Bd4 Bd8 27.
Nf4 Re7 28. Nxd8 Rxd8 29. Bf6 gxf6 30. Rxd8+ Kg7 31. Rg1+ Kh6 32. Rd6 Ng6 33.
Nxg6 hxg6 34. Rg2 Rc7 35. Rxh2 Rc2+ 36. Rd2 Rc6 37. Rg2 Kh5 38. Rg4 f5 39. Rgd4
a5 40. Rd6 Rc5 41. R6d5 Rc3 42. Rxb5 Kh4 43. Kf3 Kxh3 44. Rd1 Kh4 45. Rg1 Rc8
46. Rxa5 Rg8 47. b4 Kh3 48. Rh1# 1-0

[Event "2015 Canadian Closed"]
[Site "Guelph, Ontario"]
[Date "2015.07.15"]
[Round "8.17"]
[White "Zhong, Joey"]
[Black "Buscar, Michael"]
[Result "1/2-1/2"]
[WhiteElo "2114"]
[BlackElo "2245"]
[PlyCount "84"]
[EventDate "2015.??.??"]
[SourceDate "2015.07.10"]

1. d4 d5 2. c4 e6 3. Nf3 c5 4. cxd5 exd5 5. Nc3 Nc6 6. g3 Nf6 7. Bg2 Be7 8. O-O
O-O 9. Bg5 c4 10. b3 Qa5 11. Bd2 Bb4 12. Qc2 Qa6 13. e3 g6 14. Ne5 Bf5 15. Qd1
Qa5 16. Qe1 Bd3 17. Nxd3 cxd3 18. a3 Bxc3 19. Bxc3 Qb5 20. Qd1 Ne4 21. Be1 Rac8
22. a4 Qa6 23. b4 Qc4 24. Rc1 Qa2 25. Qxd3 Ne5 26. Qb1 Qa3 27. Rxc8 Rxc8 28.
Bxe4 Rc1 29. dxe5 Rxb1 30. Bxb1 Qc1 31. Ba2 Qd1 32. a5 h5 33. h4 g5 34. hxg5 h4
35. Kg2 h3+ 36. Kxh3 Qe2 37. Kg2 Qxa2 38. Bc3 Qc2 39. Bd4 a6 40. Rh1 Qe4+ 41.
Kg1 Qb1+ 42. Kg2 Qe4+ 1/2-1/2

[Event "2015 Canadian Closed"]
[Site "Guelph, Ontario"]
[Date "2015.07.15"]
[Round "8.18"]
[White "Zhou, Qiyu"]
[Black "Filipovich, David"]
[Result "1/2-1/2"]
[WhiteElo "2221"]
[BlackElo "2198"]
[PlyCount "82"]
[EventDate "2015.??.??"]
[SourceDate "2015.07.10"]
[TimeControl "40/5400+30:1800+30"]

1. e4 g6 2. d4 Bg7 3. Nf3 d6 4. Nbd2 Nf6 5. Bd3 O-O 6. O-O Nc6 7. c3 e5 8. Re1
Re8 9. Bb5 Bd7 10. a4 a6 11. Bc4 b5 12. Bb3 Na5 13. Bc2 c5 14. dxc5 dxc5 15. b4
cxb4 16. cxb4 Nc6 17. Ba3 Bg4 18. h3 Bxf3 19. Nxf3 Qb6 20. Qe2 Nd4 21. Nxd4
exd4 22. Bb2 Nd5 23. axb5 d3 24. Qxd3 Bxb2 25. Qxd5 Bxa1 26. Rxa1 Qxb5 27. Bb3
Qxd5 28. Bxd5 Rab8 29. Rxa6 Re7 30. Ra8 Rxa8 31. Bxa8 Rc7 32. b5 Rc1+ 33. Kh2
Rb1 34. Bc6 Rb3 35. f3 Kf8 36. Kg3 Rb2 37. h4 Ke7 38. Kh3 f6 39. g3 Kd6 40. Kg4
Rg2 41. f4 Rg1 1/2-1/2

[Event "2015 Canadian Closed"]
[Site "Guelph, Ontario"]
[Date "2015.07.15"]
[Round "8.19"]
[White "Drkulec, Vlad"]
[Black "Jung, Hans"]
[Result "0-1"]
[WhiteElo "1950"]
[BlackElo "2294"]
[PlyCount "101"]
[EventDate "2015.??.??"]
[SourceDate "2015.07.10"]

1. d4 d5 2. c4 c6 3. Nf3 Nf6 4. e3 g6 5. Nc3 Bg7 6. cxd5 Nxd5 7. Bd2 O-O 8. Be2
Nd7 9. Nxd5 cxd5 10. O-O Nf6 11. Bb4 a5 12. Ba3 Bd7 13. Ne5 Be8 14. f3 Bh6 15.
Qd3 Ra6 16. Rfe1 Rb6 17. Qc3 Re6 18. Bf1 b5 19. Bc5 Kh8 20. b4 a4 21. g3 Bg7
22. Bh3 Ra6 23. Bf1 Ng8 24. Nd3 f6 25. Rac1 Rf7 26. Nf2 e5 27. Qd2 Nh6 28. Nd1
exd4 29. Bxd4 Nf5 30. Bc5 Qb8 31. Nc3 Bc6 32. Nxd5 Rd7 33. e4 Nd6 34. Qf4 g5
35. Qg4 Nf7 36. Qe6 Ne5 37. Qf5 Rf7 38. Qe6 Nxf3+ 39. Kf2 Ne5 40. Bd6 Bxd5 41.
Rc8+ Bf8 42. Rxb8 Bxe6 43. Bxf8 Nd7 44. Rxb5 Rxf8 45. a3 Ra7 46. Rc1 Ne5 47.
Rb6 Bb3 48. Rd6 f5 49. exf5 Rxf5+ 50. Ke3 Re7 51. Ke4 0-1

[Event "2015 Canadian Closed"]
[Site "Guelph, Ontario"]
[Date "2015.07.15"]
[Round "8.20"]
[White "Surya, Benito"]
[Black "Piccinin, Mario"]
[Result "1-0"]
[WhiteElo "1938"]
[BlackElo "2068"]
[PlyCount "73"]
[EventDate "2015.??.??"]
[SourceDate "2015.07.10"]
[TimeControl "40/5400+30:1800+30"]

1. e4 d5 2. exd5 Nf6 3. Nf3 Qxd5 4. Nc3 Qh5 5. d4 Bg4 6. Be2 Nc6 7. O-O O-O-O
8. h3 e5 9. hxg4 Nxg4 10. Nh4 f5 11. Bxg4 fxg4 12. g3 Nxd4 13. Kg2 Bb4 14. Be3
Nf3 15. Qe2 Bxc3 16. bxc3 Rhf8 17. Rh1 Qf7 18. Kf1 g5 19. Nxf3 gxf3 20. Qb5 Rd5
21. Qa4 Qf5 22. c4 Rd6 23. Bc5 Ra6 24. Qb3 Rff6 25. Rb1 Qe4 26. Qb5 Rfe6 27. a3
Qxc2 28. Qxb7+ Kd7 29. Qb3 Rh6 30. Rxh6 Rxh6 31. Kg1 Qe4 32. Rd1+ Ke6 33. Qd3
Kf5 34. g4+ Kf4 35. Be3+ Qxe3 36. Qxe3+ Kxg4 37. Qxe5 1-0

[Event "2015 Canadian Closed"]
[Site "Guelph, Ontario"]
[Date "2015.07.16"]
[Round "9.5"]
[White "Zhu, Hong Rui"]
[Black "Peredun, Andrew"]
[Result "1/2-1/2"]
[WhiteElo "2304"]
[BlackElo "2406"]
[PlyCount "97"]
[EventDate "2015.??.??"]
[SourceDate "2015.07.10"]

1. e4 e5 2. Nf3 Nc6 3. Nc3 Nf6 4. Bb5 Nd4 5. Ba4 Bc5 6. O-O O-O 7. d3 d6 8. h3
c6 9. Bb3 Nxb3 10. axb3 Bb6 11. Be3 Bc7 12. d4 Qe7 13. dxe5 dxe5 14. Qe2 a6 15.
Rfd1 h6 16. Nd2 b5 17. Qf3 Kh7 18. Nf1 Nd7 19. Qh5 Nf6 20. Qf3 Bb7 21. Ng3 g6
22. Rd2 Rad8 23. Rad1 Rxd2 24. Rxd2 Bc8 25. Nce2 Kg7 26. Nc1 Nh7 27. Nd3 Ng5
28. Qd1 Ne6 29. Qg4 Kh7 30. b4 Nf4 31. Bc5 Qf6 32. Qd1 Rd8 33. c3 Nxd3 34. Rxd3
Kg7 35. Nf1 Rxd3 36. Qxd3 Qd8 37. Qxd8 Bxd8 38. f3 a5 39. bxa5 Bxa5 40. Ne3 f5
41. Nc2 Bc7 42. Nb4 Bd7 43. Na6 Bd8 44. Bd6 Kf6 45. Nc5 Bb6 46. Kf1 Be6 47.
Nxe6 Kxe6 48. Bf8 h5 49. b3 1/2-1/2

[Event "2015 Canadian Closed"]
[Site "Guelph, Ontario"]
[Date "2015.07.16"]
[Round "9.6"]
[White "Wan, Kevin"]
[Black "Cao, Jason"]
[Result "1/2-1/2"]
[WhiteElo "2302"]
[BlackElo "2439"]
[PlyCount "83"]
[EventDate "2015.??.??"]
[SourceDate "2015.07.10"]

1. e4 c5 2. Nf3 d6 3. Bb5+ Nd7 4. O-O a6 5. Bxd7+ Bxd7 6. Re1 Nf6 7. e5 dxe5 8.
Nxe5 e6 9. Qf3 Qc7 10. d3 Bd6 11. Bf4 O-O 12. Bg3 Rad8 13. Nd2 b5 14. a4 Bc8
15. axb5 Bb7 16. b6 Qxb6 17. Nec4 Qb5 18. Nxd6 Rxd6 19. Qe2 Rdd8 20. Nc4 Ba8
21. f3 Rd5 22. Ra5 Qc6 23. Rea1 Bb7 24. Qe3 h6 25. R5a3 Ra8 26. Rb3 Ra7 27. Bb8
Ra8 28. Na5 Qc8 29. Be5 Nd7 30. Bxg7 Kxg7 31. Nxb7 Rb8 32. Na5 Rxb3 33. Nxb3 c4
34. dxc4 Qxc4 35. Qc3+ Qxc3 36. bxc3 Rd6 37. c4 Rc6 38. Ra4 e5 39. Kf2 f5 40.
Ke2 Kf6 41. Kd3 Ke6 42. g3 1/2-1/2

[Event "2015 Canadian Closed"]
[Site "Guelph, Ontario"]
[Date "2015.07.16"]
[Round "9.8"]
[White "Humphreys, Michael"]
[Black "Doknjas, Joshua"]
[Result "1-0"]
[WhiteElo "2348"]
[BlackElo "2083"]
[PlyCount "43"]
[EventDate "2015.??.??"]
[SourceDate "2015.07.10"]
[TimeControl "40/5400+30:1800+30"]

1. d4 d5 2. c4 c6 3. Nc3 dxc4 4. e4 b5 5. a4 b4 6. Nb1 Ba6 7. Qc2 Nf6 8. Nd2
Qxd4 9. Ngf3 Qd8 10. Bxc4 Bxc4 11. Nxc4 e6 12. Bf4 Nbd7 13. Rd1 Be7 14. Nfe5
Rc8 15. O-O c5 16. Nxd7 Nxd7 17. Rd2 Rc7 18. Rfd1 Rb7 19. Ne5 Qb8 20. Rxd7 Rxd7
21. Rxd7 Bf6 22. Qxc5 1-0

[Event "2015 Canadian Closed"]
[Site "Guelph, Ontario"]
[Date "2015.07.16"]
[Round "9.10"]
[White "Yam, Alex"]
[Black "Kiviaho, Robert"]
[Result "1-0"]
[WhiteElo "2384"]
[BlackElo "2161"]
[PlyCount "101"]
[EventDate "2015.??.??"]
[SourceDate "2015.07.10"]

1. d4 Nf6 2. Nc3 d5 3. Bg5 Bf5 4. e3 Nc6 5. Bb5 a6 6. Bxc6+ bxc6 7. Nge2 e6 8.
Ng3 Bg6 9. h4 h6 10. Bxf6 Qxf6 11. h5 Bh7 12. Na4 Bd6 13. f4 O-O 14. c3 Qe7 15.
O-O Qh4 16. Nh1 Bf5 17. Nf2 Kh8 18. Qf3 Rg8 19. g3 Qe7 20. c4 Qf6 21. c5 Be7
22. Ng4 Bxg4 23. Qxg4 g6 24. Kf2 gxh5 25. Qxh5 Rg5 26. Qf3 Rg6 27. Rh1 Rag8 28.
Rag1 Qf5 29. Qe2 Kh7 30. Rh5 Rg5 31. Rh2 Rg4 32. Rgh1 R8g6 33. Nc3 Bf6 34. Rh5
R4g5 35. Rxg5 Rxg5 36. Qd1 Rg4 37. Qb1 Qxb1 38. Rxb1 Bg7 39. Ne2 f6 40. Rc1 Kg6
41. Rc3 Kf5 42. Kf3 e5 43. Ra3 e4+ 44. Kg2 Ke6 45. Rxa6 Kd7 46. Ra8 h5 47. Rg8
h4 48. a4 f5 49. a5 Bf6 50. Rb8 hxg3 51. a6 1-0

[Event "2015 Canadian Closed"]
[Site "Guelph, Ontario"]
[Date "2015.07.16"]
[Round "9.11"]
[White "Barron, Michael"]
[Black "Li, Yinshi"]
[Result "1-0"]
[WhiteElo "2306"]
[BlackElo "2211"]
[PlyCount "63"]
[EventDate "2015.??.??"]
[SourceDate "2015.07.10"]

1. e4 e6 2. d4 d5 3. Nd2 c5 4. Ngf3 Nc6 5. exd5 exd5 6. Bb5 Bd6 7. O-O Nge7 8.
dxc5 Bxc5 9. Nb3 Bd6 10. Bg5 O-O 11. Bh4 Bg4 12. Bg3 Bxg3 13. hxg3 Qb6 14. Be2
Nf5 15. Kh1 Rfe8 16. Qd2 Nd6 17. Bd3 Ne4 18. Qf4 Bxf3 19. Qxf3 Re6 20. Bxe4
dxe4 21. Qe2 Ne7 22. g4 Nd5 23. Rad1 Nf4 24. Qd2 Qc7 25. Rfe1 Ne2 26. g3 Nxg3+
27. fxg3 Qxg3 28. Qg2 Qh4+ 29. Kg1 e3 30. Nd4 Rg6 31. Nf5 Qxg4 32. Ne7+ 1-0

[Event "2015 Canadian Closed"]
[Site "Guelph, Ontario"]
[Date "2015.07.16"]
[Round "9.12"]
[White "Hamilton, Robert"]
[Black "Gentes, Kevin"]
[Result "1/2-1/2"]
[WhiteElo "2279"]
[BlackElo "2353"]
[PlyCount "82"]
[EventDate "2015.??.??"]
[SourceDate "2015.07.10"]

1. d4 d5 2. c4 e6 3. Nc3 Be7 4. Nf3 Nf6 5. Bg5 h6 6. Bh4 O-O 7. e3 b6 8. cxd5
Nxd5 9. Bxe7 Qxe7 10. Nxd5 exd5 11. Rc1 Be6 12. Qa4 c5 13. dxc5 bxc5 14. Be2
Rc8 15. O-O a5 16. Ne5 Qd6 17. Nd3 Nd7 18. Nf4 Nf6 19. Rfd1 Qb6 20. Qc2 Rab8
21. b3 Qc6 22. a4 Qb7 23. Rb1 Qb6 24. h3 Rd8 25. Rbc1 Rbc8 26. Bb5 Ne4 27. Bd3
Nf6 28. Be2 Rc7 29. Bf3 c4 30. e4 Rdc8 31. bxc4 Rxc4 32. Qd2 Rxc1 33. Rxc1
Rxc1+ 34. Qxc1 dxe4 35. Nxe6 Qxe6 36. Be2 Qe5 37. Bc4 Nd5 38. Kf1 Nc3 39. Qd2
Qf6 40. Bb3 g6 41. Kg1 Kg7 1/2-1/2

[Event "2015 Canadian Closed"]
[Site "Guelph, Ontario"]
[Date "2015.07.16"]
[Round "9.13"]
[White "Shi, Diwen"]
[Black "Doknjas, John"]
[Result "1/2-1/2"]
[WhiteElo "2214"]
[BlackElo "2316"]
[PlyCount "53"]
[EventDate "2015.??.??"]
[SourceDate "2015.07.10"]

1. e4 c5 2. Nf3 d6 3. d4 cxd4 4. Nxd4 Nf6 5. Nc3 a6 6. Be2 e5 7. Nb3 Be7 8. Bg5
Be6 9. Bxf6 Bxf6 10. Qd3 Be7 11. O-O-O Nd7 12. Nd5 Bxd5 13. Qxd5 Qc7 14. Kb1
O-O 15. Qd3 b5 16. h4 Rfb8 17. Nd2 Nc5 18. Qf3 a5 19. Nf1 Qc6 20. Bd3 a4 21.
Ne3 a3 22. Nd5 Bd8 23. b3 Ne6 24. c3 Ra7 25. Rc1 Bb6 26. b4 Bd8 27. Rh3 1/2-1/2

[Event "2015 Canadian Closed"]
[Site "Guelph, Ontario"]
[Date "2015.07.16"]
[Round "9.14"]
[White "Song, Guannan Terry"]
[Black "Cai, Jason"]
[Result "1-0"]
[WhiteElo "2202"]
[BlackElo "2254"]
[PlyCount "73"]
[EventDate "2015.??.??"]
[SourceDate "2015.07.10"]

1. e4 c5 2. Nf3 Nc6 3. d4 cxd4 4. Nxd4 Nf6 5. Nc3 e5 6. Ndb5 d6 7. Bg5 a6 8.
Na3 b5 9. Nd5 Be7 10. Bxf6 Bxf6 11. c4 b4 12. Nc2 O-O 13. g3 Bg5 14. Bg2 Be6
15. O-O Qa5 16. Qd3 Qc5 17. b3 Ra7 18. a3 Bxd5 19. exd5 Nb8 20. axb4 Qb6 21.
Ra5 Nd7 22. Bh3 Nc5 23. bxc5 Qxa5 24. b4 Qd8 25. cxd6 Qxd6 26. c5 Qh6 27. Bg2
Rd8 28. d6 Qg6 29. Be4 Qe6 30. Bxh7+ Kh8 31. Bf5 Qh6 32. h4 Bf6 33. c6 Bxh4 34.
c7 Rxc7 35. dxc7 Rxd3 36. c8=Q+ Rd8 37. Qc4 1-0

[Event "2015 Canadian Closed"]
[Site "Guelph, Ontario"]
[Date "2015.07.16"]
[Round "9.15"]
[White "Manley, Jason"]
[Black "Dougherty, Michael"]
[Result "1-0"]
[WhiteElo "2164"]
[BlackElo "2285"]
[PlyCount "107"]
[EventDate "2015.??.??"]
[SourceDate "2015.07.10"]

1. e4 e5 2. Nf3 Nf6 3. Nc3 Nc6 4. Bb5 Bc5 5. d3 O-O 6. Bg5 Be7 7. Bxf6 Bxf6 8.
Nd5 d6 9. c3 Be6 10. Ne3 Ne7 11. d4 g6 12. O-O c6 13. Be2 Qc7 14. Qc2 Rad8 15.
Rfd1 d5 16. dxe5 Bxe5 17. Nxe5 Qxe5 18. Bf3 dxe4 19. Qxe4 Qxe4 20. Bxe4 a5 21.
Kf1 f5 22. Bd3 Rxd3 23. Rxd3 f4 24. Rd6 Rf6 25. Rd8+ Kf7 26. Nc2 Bc4+ 27. Kg1
Re6 28. b3 Ba6 29. Re1 Rxe1+ 30. Nxe1 Nd5 31. c4 Nc3 32. Nd3 Ke7 33. Rh8 h5 34.
a4 Ne2+ 35. Kf1 Nd4 36. Nc5 Nxb3 37. Nxa6 bxa6 38. Ke2 Nc5 39. Rg8 Kf6 40. Rc8
Ke5 41. Rxc6 Kd4 42. Rxg6 Kxc4 43. Rg5 Nxa4 44. Rxa5 Nc5 45. Kf3 Kb4 46. Ra1 a5
47. Kxf4 Nb3 48. Rd1 a4 49. Ke3 a3 50. f4 a2 51. f5 Kc3 52. f6 Kc2 53. Rf1 Nd2
54. Ra1 1-0

[Event "2015 Canadian Closed"]
[Site "Guelph, Ontario"]
[Date "2015.07.16"]
[Round "9.16"]
[White "Jung, Hans"]
[Black "Zhong, Joey"]
[Result "1-0"]
[WhiteElo "2294"]
[BlackElo "2114"]
[PlyCount "83"]
[EventDate "2015.??.??"]
[SourceDate "2015.07.10"]

1. Nc3 e5 2. Nf3 Nc6 3. d4 exd4 4. Nxd4 Nf6 5. Bg5 Bb4 6. Qd3 O-O 7. a3 Be7 8.
Nf5 Nd5 9. Nxe7+ Ndxe7 10. e4 d6 11. Qg3 Kh8 12. Be2 f6 13. Be3 f5 14. Bg5 Qe8
15. O-O fxe4 16. Nb5 Nf5 17. Qc3 Qg6 18. Nxc7 Ncd4 19. Bd1 Qxg5 20. Nxa8 Bd7
21. Nc7 Rc8 22. f4 Qd8 23. g4 Rxc7 24. Qb4 Nc6 25. Qxe4 Nh6 26. h3 Rc8 27. c3
Ng8 28. Bc2 Qh4 29. Rf3 Nf6 30. Qe1 Qh6 31. Qd2 Ng8 32. Rd1 Qh4 33. Qxd6 Nf6
34. Qd2 Re8 35. Qf2 Qxf2+ 36. Kxf2 Nxg4+ 37. hxg4 Bxg4 38. Rh1 Bxf3 39. Rxh7+
Kg8 40. Kxf3 Re1 41. Rh2 Re7 42. Bb3+ 1-0

[Event "2015 Canadian Closed"]
[Site "Guelph, Ontario"]
[Date "2015.07.16"]
[Round "9.17"]
[White "Filipovich, David"]
[Black "Haessel, Dale"]
[Result "1/2-1/2"]
[WhiteElo "2198"]
[BlackElo "2274"]
[PlyCount "109"]
[EventDate "2015.??.??"]
[SourceDate "2015.07.10"]

1. Nf3 Nf6 2. d4 g6 3. Bg5 Bg7 4. c3 O-O 5. Nbd2 d5 6. e3 b6 7. Bd3 Bb7 8. O-O
Nbd7 9. a4 a5 10. h3 Ne4 11. Bf4 Re8 12. Ne5 Nxe5 13. dxe5 f5 14. exf6 exf6 15.
Nxe4 dxe4 16. Bc4+ Kh8 17. Qxd8 Rexd8 18. Rfd1 Bf8 19. Bxc7 Rdc8 20. Rd7 Bc5
21. Bb5 Ba6 22. Bxa6 Rxa6 23. Rad1 Ra7 24. Bd8 Rxd7 25. Rxd7 Rc6 26. Kf1 Kg8
27. Be7 Bxe7 28. Rxe7 f5 29. Rd7 h5 30. Ke2 Kf8 31. Kd2 Ke8 32. Rd4 Ke7 33. b4
axb4 34. cxb4 Ke6 35. h4 Ke5 36. g3 Ke6 37. a5 bxa5 38. bxa5 Ra6 39. Ra4 Kd5
40. Kc3 Kc5 41. Ra2 Rc6 42. Kb3 Ra6 43. Ka4 Kc6 44. Rc2+ Kb7 45. Rb2+ Kc6 46.
Rb6+ Rxb6 47. axb6 Kxb6 48. Kb4 Kc6 49. Kc4 Kd6 50. Kd4 Ke6 51. Kc5 Ke5 52. Kc4
Ke6 53. Kc5 Ke5 54. Kc6 Ke6 55. Kc5 1/2-1/2